[Event "Wuerttemberg-ch"]
[Site "Stuttgart"]
[Date "2017.08.26"]
[Round "1"]
[White "Bauer, Eckart"]
[Black "Zuferi, Enis"]
[Result "0-1"]
[WhiteElo "2112"]
[BlackElo "2278"]
[PlyCount "95"]
[EventDate "2017.08.26"]
[EventType "swiss"]
[EventRounds "9"]
[EventCountry "GER"]
[SourceTitle "CBM 180 Extra"]
[Source "ChessBase"]
[SourceDate "2017.10.06"]
[SourceVersion "1"]
[SourceVersionDate "2017.10.06"]
[SourceQuality "1"]

1. e4 c5 2. Nf3 d6 3. Bb5+ Nd7 4. 0-0 a6 5. Bxd7+ Bxd7 6. d4 cxd4 7. Qxd4 e5 8. Qd3 h6 9. c4 Nf6 10. Nc3 Be7 11. a4 Rc8 12. b3 0-0 13. Rd1 Qb6 14. Be3 Qc6 15. Rac1 Bg4 16. a5 Qd7 17. Bb6 Qe6 18. h3 Bh5 19. Nd5 Nxd5 20. Qxd5 Bxf3 21. Qxe6 fxe6 22. gxf3 Rxf3 23. Be3 Rf7 24. b4 Bf8 25. Bb6 Rf4 26. Re1 Rf3 27. Be3 Rf7 28. Bb6 Rd7 29. Kg2 d5 30. exd5 exd5 31. c5 e4 32. Rcd1 Re8 33. Rd4 Kf7 34. Rc1 Rc8 35. b5 axb5 36. Rb4 Rc6 37. Rxb5 d4 38. Kg3 Ke6 39. a6 bxa6 40. Ra5 Rb7 41. Rd1 Ke5 42. f4+ Kd5 43. Ra4 d3 44. Kf2 Bxc5+ 45. Bxc5 Rxc5 46. Ke3 Rc4 47. Ra5+ Rb5 48. Rxa6 0-1

[Event "Oberliga Wuerttemberg 1112"]
[Site "Wuerttemberg"]
[Date "2012.02.05"]
[Round "6.7"]
[White "Bauer, Eckart"]
[Black "Wendler, Werner"]
[Result "1-0"]
[WhiteElo "2132"]
[BlackElo "2112"]
[PlyCount "57"]
[EventDate "2011.10.09"]
[EventType "team-tourn"]
[EventRounds "9"]
[EventCountry "GER"]
[SourceTitle "EXT 2019"]
[Source "ChessBase"]
[SourceDate "2018.10.10"]
[SourceVersion "1"]
[SourceVersionDate "2018.10.10"]
[SourceQuality "1"]
[WhiteTeam "Schmiden Cannstatt"]
[BlackTeam "Pfullingen"]
[WhiteTeamCountry "GER"]
[BlackTeamCountry "GER"]

1. e4 e6 2. d4 d5 3. e5 c5 4. c3 Nc6 5. Nf3 Bd7 6. Be2 f6 7. 0-0 fxe5 8. Nxe5 Nxe5 9. dxe5 Qc7 10. c4 d4 11. Re1 Ne7 12. Bd3 g6 13. Bg5 Bg7 14. f4 Nf5 15. Qg4 Bc6 16. Nd2 Kd7 17. Ne4 Bxe4 18. Bxe4 Rag8 19. Rad1 h6 20. Bh4 Nxh4 21. Qxh4 g5 22. Qh5 gxf4 23. Qf7+ Kc8 24. Qxe6+ Kb8 25. Bg6 f3 26. g3 f2+ 27. Kxf2 Bxe5 28. Qxe5 Rxg6 29. Qxh8+ 1-0

[Event "Oberliga Wuerttemberg 1112"]
[Site "Wuerttemberg"]
[Date "2011.10.23"]
[Round "2.8"]
[White "Bauer, Eckart"]
[Black "Reichert, Matthias"]
[Result "1-0"]
[WhiteElo "2132"]
[BlackElo "2056"]
[PlyCount "61"]
[EventDate "2011.10.09"]
[EventType "team-tourn"]
[EventRounds "9"]
[EventCountry "GER"]
[SourceTitle "EXT 2019"]
[Source "ChessBase"]
[SourceDate "2018.10.10"]
[SourceVersion "1"]
[SourceVersionDate "2018.10.10"]
[SourceQuality "1"]
[WhiteTeam "Schmiden Cannstatt"]
[BlackTeam "Schwaebisch Gmuend"]
[WhiteTeamCountry "GER"]
[BlackTeamCountry "GER"]

1. e4 e5 2. Nc3 Nf6 3. f4 d5 4. exd5 exf4 5. Nf3 Nxd5 6. Nxd5 Qxd5 7. d4 Be7 8. c4 Qe4+ 9. Kf2 Bf5 10. c5 Nd7 11. Bb5 c6 12. Re1 Qc2+ 13. Qxc2 Bxc2 14. Bxf4 Kd8 15. Bc4 Bg6 16. Re2 Nf6 17. Rae1 Re8 18. Ng5 Kd7 19. Nxf7 Ne4+ 20. Kg1 Bxf7 21. Bxf7 Rf8 22. Be6+ Kxe6 23. Rxe4+ Kd5 24. Rxe7 Rxf4 25. Rd7+ Kc4 26. Rc1+ Kd3 27. d5 cxd5 28. Rxd5+ Ke4 29. Rd7 Rc8 30. Rxb7 Kd3 31. Rd7+ 1-0

[Event "Oberliga Wuerttemberg 0910"]
[Site "Wuerttemberg"]
[Date "2010.03.21"]
[Round "8.6"]
[White "Schmid, Hartmut"]
[Black "Bauer, Eckart"]
[Result "1-0"]
[WhiteElo "2096"]
[BlackElo "2027"]
[PlyCount "51"]
[EventDate "2009.10.11"]
[EventType "team-tourn"]
[EventRounds "9"]
[EventCountry "GER"]
[SourceTitle "EXT 2019"]
[Source "ChessBase"]
[SourceDate "2018.10.10"]
[SourceVersion "1"]
[SourceVersionDate "2018.10.10"]
[SourceQuality "1"]
[WhiteTeam "Stuttgart SF II"]
[BlackTeam "Rommelshausen"]
[WhiteTeamCountry "GER"]
[BlackTeamCountry "GER"]

1. d4 d5 2. c4 c6 3. Nf3 Nf6 4. Nc3 a6 5. cxd5 cxd5 6. Bg5 Nc6 7. e3 Bf5 8. Be2 e6 9. Ne5 Qb6 10. 0-0 Nxe5 11. dxe5 Nd7 12. Na4 Qa7 13. e4 Bxe4 14. Be3 Qb8 15. Nb6 Nxb6 16. Bxb6 d4 17. Qxd4 Bc6 18. Rac1 Be7 19. Rc3 0-0 20. Rh3 Rc8 21. Bd3 g6 22. Qf4 Bf8 23. Rxh7 Bg7 24. Rxg7+ Kxg7 25. Qf6+ Kg8 26. Be3 1-0

[Event "Oberliga Wuerttemberg 0910"]
[Site "Wuerttemberg"]
[Date "2010.01.31"]
[Round "6.5"]
[White "Bauer, Eckart"]
[Black "Bilalic, Merim"]
[Result "0-1"]
[WhiteElo "2027"]
[BlackElo "2124"]
[PlyCount "106"]
[EventDate "2009.10.11"]
[EventType "team-tourn"]
[EventRounds "9"]
[EventCountry "GER"]
[SourceTitle "EXT 2019"]
[Source "ChessBase"]
[SourceDate "2018.10.10"]
[SourceVersion "1"]
[SourceVersionDate "2018.10.10"]
[SourceQuality "1"]
[WhiteTeam "Rommelshausen"]
[BlackTeam "Bebenhausen"]
[WhiteTeamCountry "GER"]
[BlackTeamCountry "GER"]

1. e4 Nc6 2. Nc3 Nf6 3. d4 d5 4. e5 Nd7 5. Nf3 Nb6 6. Be2 Bf5 7. 0-0 e6 8. Be3 f6 9. exf6 Qxf6 10. Qd2 Bd6 11. Nb5 0-0 12. Nxd6 cxd6 13. b3 Be4 14. Rac1 Rae8 15. Rfd1 Qg6 16. Ne1 Kh8 17. Kh1 Qf7 18. a4 a6 19. f3 Bg6 20. a5 Nd7 21. c4 Ne7 22. Bf2 Nf6 23. Bf1 Rc8 24. Nd3 Nc6 25. c5 Bxd3 26. Bxd3 e5 27. cxd6 e4 28. fxe4 dxe4 29. Bc4 Qh5 30. Be6 Rcd8 31. Bg3 Rfe8 32. Rc5 e3 33. Qe1 Qg6 34. Bf5 Qf7 35. d5 e2 36. Rd2 Ne4 37. Rxe2 Nxc5 38. Be6 Qg6 39. dxc6 Rxe6 40. c7 Rde8 41. Rxe6 Qxe6 42. Qxe6 Nxe6 43. Kg1 Nf8 44. Bh4 Rc8 45. Kf2 Kg8 46. Be7 Nd7 47. Ke3 Kf7 48. Kd4 Ke6 49. b4 Ra8 50. Kc4 Ke5 51. b5 axb5+ 52. Kxb5 Kd5 53. h4 h5 0-1

[Event "Oberliga Wuerttemberg 0809"]
[Site "Wuerttemberg"]
[Date "2008.10.26"]
[Round "2.4"]
[White "Bauer, Eckart"]
[Black "Hoenick, Andreas"]
[Result "0-1"]
[WhiteElo "2073"]
[BlackElo "2114"]
[PlyCount "58"]
[EventDate "2008.10.12"]
[EventType "team-tourn"]
[EventRounds "9"]
[EventCountry "GER"]
[SourceTitle "EXT 2019"]
[Source "ChessBase"]
[SourceDate "2018.10.10"]
[SourceVersion "1"]
[SourceVersionDate "2018.10.10"]
[SourceQuality "1"]
[WhiteTeam "Rommelshausen"]
[BlackTeam "Schwaebisch Gmuend"]
[WhiteTeamCountry "GER"]
[BlackTeamCountry "GER"]

1. e4 e6 2. d4 d5 3. e5 c5 4. c3 Bd7 5. Nf3 a6 6. dxc5 Bxc5 7. b4 Be7 8. Bd3 Qc7 9. 0-0 Nc6 10. Re1 d4 11. b5 axb5 12. Bxb5 dxc3 13. Nxc3 Bb4 14. Qb3 Nge7 15. Bxc6 Nxc6 16. Nb5 Qa5 17. Nd6+ Bxd6 18. exd6 Nd4 19. Qd1 Nxf3+ 20. gxf3 0-0 21. Bb2 Bc6 22. Re5 Bd5 23. Qd3 Qb4 24. Rh5 f5 25. Bc3 Qf4 26. Rh3 Ra3 27. d7 Rd8 28. Qb5 Rxc3 29. Qa5 Qc7 0-1

[Event "Oberliga Wuerttemberg 0708"]
[Site "Wuerttemberg"]
[Date "2007.11.04"]
[Round "3.3"]
[White "Bauer, Eckart"]
[Black "Reuss, Andreas"]
[Result "0-1"]
[WhiteElo "2187"]
[BlackElo "2326"]
[PlyCount "46"]
[EventDate "2007.10.07"]
[EventType "team-tourn"]
[EventRounds "9"]
[EventCountry "GER"]
[SourceTitle "EXT 2018"]
[Source "ChessBase"]
[SourceDate "2017.10.13"]
[SourceVersion "1"]
[SourceVersionDate "2017.10.13"]
[SourceQuality "1"]
[WhiteTeam "Rommelshausen"]
[BlackTeam "Stuttgart SF"]
[WhiteTeamCountry "GER"]
[BlackTeamCountry "GER"]

1. e4 c6 2. d4 d5 3. e5 Bf5 4. Nc3 Qb6 5. a3 e6 6. g4 Bg6 7. Nh3 c5 8. Bb5+ Nc6 9. dxc5 Bxc5 10. Qe2 a6 11. Bxc6+ Qxc6 12. f3 Ne7 13. Nf4 h5 14. Nd1 hxg4 15. fxg4 Be4 16. Rf1 Bd4 17. Nd3 Ng6 18. Bf4 Nxf4 19. Rxf4 Qc7 20. Rxe4 dxe4 21. Qxe4 Rd8 22. c3 Bg1 23. Ne3 Qc6 0-1

[Event "Wuerttemberg-ch MT"]
[Site "Tuebingen"]
[Date "2007.09.01"]
[Round "8"]
[White "Bauer, Eckart"]
[Black "Tscharotschkin, Michael"]
[Result "0-1"]
[WhiteElo "2203"]
[BlackElo "2236"]
[PlyCount "72"]
[EventDate "2007.08.25"]
[EventType "swiss"]
[EventRounds "9"]
[EventCountry "GER"]
[SourceTitle "CBM 120 Extra"]
[Source "ChessBase"]
[SourceDate "2007.11.01"]
[SourceVersion "1"]
[SourceVersionDate "2007.11.01"]
[SourceQuality "1"]

1. g3 e6 2. c4 Nf6 3. Nf3 d5 4. Bg2 Be7 5. d4 0-0 6. Nc3 c6 7. 0-0 Nbd7 8. b3 b6 9. Qc2 Ba6 10. Nd2 Rc8 11. e4 c5 12. exd5 cxd4 13. Ne2 exd5 14. Nxd4 dxc4 15. bxc4 Ne5 16. Nf5 Nxc4 17. Re1 Bb4 18. Qa4 Re8 19. Rxe8+ Qxe8 20. Qxa6 Ng4 21. Bf1 Bc5 22. Ne4 Qd7 23. Ne7+ Bxe7 24. Bxc4 Qd1+ 25. Kg2 Rc7 26. Bf4 Qd4 27. Rc1 Qxe4+ 28. f3 Ne3+ 29. Kf2 Nd1+ 30. Kg2 Qd4 31. Bxc7 Qd2+ 32. Be2 Qxc1 33. Qc8+ Bf8 34. Qd8 Ne3+ 35. Kf2 Qc5 36. Qd3 Nd5+ 0-1

[Event "Wuerttemberg-ch MT"]
[Site "Tuebingen"]
[Date "2007.08.31"]
[Round "7"]
[White "Bauer, Eckart"]
[Black "Fischer, Andre"]
[Result "1-0"]
[WhiteElo "2203"]
[BlackElo "2169"]
[PlyCount "57"]
[EventDate "2007.08.25"]
[EventType "swiss"]
[EventRounds "9"]
[EventCountry "GER"]
[SourceTitle "CBM 120 Extra"]
[Source "ChessBase"]
[SourceDate "2007.11.01"]
[SourceVersion "1"]
[SourceVersionDate "2007.11.01"]
[SourceQuality "1"]

1. e4 c5 2. g3 Nc6 3. Bg2 g6 4. Nc3 Bg7 5. d3 d6 6. f4 e5 7. Nf3 exf4 8. Bxf4 Nge7 9. Qd2 0-0 10. Bh6 f6 11. Be3 b6 12. 0-0 Ne5 13. h3 Be6 14. Nxe5 dxe5 15. a4 Qd7 16. Kh2 Rad8 17. a5 Qc6 18. Qf2 h5 19. axb6 axb6 20. Ra7 Rd7 21. Rfa1 Rfd8 22. R7a6 Rd6 23. b3 Bc8 24. Nd5 Nxd5 25. exd5 Qe8 26. Ra7 Qb5 27. c4 Qxb3 28. R7a3 Qb4 29. Qc2 1-0

[Event "Wuerttemberg-ch MT"]
[Site "Tuebingen"]
[Date "2007.08.29"]
[Round "5"]
[White "Bauer, Eckart"]
[Black "Stiepan, Hans Michael"]
[Result "1-0"]
[WhiteElo "2203"]
[BlackElo "2124"]
[PlyCount "73"]
[EventDate "2007.08.25"]
[EventType "swiss"]
[EventRounds "9"]
[EventCountry "GER"]
[SourceTitle "CBM 120 Extra"]
[Source "ChessBase"]
[SourceDate "2007.11.01"]
[SourceVersion "1"]
[SourceVersionDate "2007.11.01"]
[SourceQuality "1"]

1. e4 e6 2. d4 d5 3. e5 c5 4. c3 Nc6 5. Be3 Bd7 6. Nf3 cxd4 7. cxd4 Nge7 8. Nc3 Nf5 9. Bd3 Nxe3 10. fxe3 Be7 11. 0-0 f5 12. exf6 Bxf6 13. Ne5 0-0 14. Qh5 g6 15. Bxg6 hxg6 16. Qxg6+ Bg7 17. Rf7 Rxf7 18. Qxf7+ Kh7 19. Nxd7 Qe7 20. Qxe7 Nxe7 21. Nc5 e5 22. Ne6 exd4 23. exd4 Bh6 24. Re1 Rc8 25. Re5 Rc4 26. Kf2 Kg8 27. Nc5 Kf8 28. Nxd5 Rc2+ 29. Kg3 Nxd5 30. Rxd5 Rxb2 31. Rd8+ Ke7 32. Rd7+ Ke8 33. Rxb7 Rxa2 34. Ne6 a5 35. d5 a4 36. d6 Rd2 37. Re7# 1-0

[Event "Wuerttemberg-chA"]
[Site "Balingen"]
[Date "2006.09.02"]
[Round "8"]
[White "Gritsch, Christoph"]
[Black "Bauer, Eckart"]
[Result "0-1"]
[WhiteElo "2172"]
[BlackElo "2254"]
[PlyCount "120"]
[EventDate "2006.08.26"]
[EventType "swiss"]
[EventRounds "9"]
[EventCountry "GER"]
[SourceTitle "EXT 2007"]
[Source "ChessBase"]
[SourceDate "2006.11.23"]
[SourceVersion "1"]
[SourceVersionDate "2006.11.23"]
[SourceQuality "1"]

1. e4 c6 2. d4 d5 3. exd5 cxd5 4. Nf3 Nf6 5. c3 Nc6 6. Bd3 Bg4 7. h3 Bxf3 8. Qxf3 e6 9. 0-0 Bd6 10. Bf4 0-0 11. Bxd6 Qxd6 12. Nd2 e5 13. Qg3 Nh5 14. Qg5 g6 15. dxe5 Qxe5 16. Qxe5 Nxe5 17. Bc2 Nf4 18. Rfe1 Rfe8 19. Rad1 Nfd3 20. Bxd3 Nxd3 21. Rxe8+ Rxe8 22. Nf3 Nxb2 23. Rxd5 Re7 24. Rc5 Kg7 25. Nd4 Nd3 26. Rb5 Re1+ 27. Kh2 b6 28. Nc6 Re2 29. a4 Rxf2 30. Nxa7 Ne1 31. Kg1 Ra2 32. Nc8 Rxa4 33. Nxb6 Ra2 34. g4 Rc2 35. Nd5 g5 36. Ne3 Rxc3 37. Rxg5+ Kf8 38. Kf2 Nd3+ 39. Ke2 Nf4+ 40. Kf3 h6 41. Ra5 Nxh3 42. Ke2 Nf4+ 43. Kf2 Kg8 44. Nf5 Kh7 45. Ra7 Nh3+ 46. Kg2 Ng5 47. Ra6 Ne6 48. Rb6 Kg6 49. Ra6 Kg5 50. Ra5 Nc5 51. Ra7 Kg6 52. Ne7+ Kg5 53. Nf5 f6 54. Rg7+ Kf4 55. Nxh6 Rc2+ 56. Kh3 Ne4 57. Nf7 Rb2 58. g5 fxg5 59. Nh6 Nf2+ 60. Kg2 Ng4+ 0-1

[Event "Illertissen op"]
[Site "Illertissen"]
[Date "2005.09.04"]
[Round "9"]
[White "Bauer, Eckart"]
[Black "Mack, Wolfgang"]
[Result "0-1"]
[WhiteElo "2265"]
[BlackElo "2224"]
[PlyCount "132"]
[EventDate "2005.08.27"]
[EventType "swiss"]
[EventRounds "9"]
[EventCountry "GER"]
[SourceTitle "CBM 108 Extra"]
[Source "ChessBase"]
[SourceDate "2005.11.04"]
[SourceVersion "1"]
[SourceVersionDate "2005.11.04"]
[SourceQuality "1"]

1. f4 g6 2. g3 Bg7 3. Bg2 d5 4. d3 c6 5. Nf3 Bf5 6. c3 Nf6 7. Qb3 Qb6 8. Nd4 Bd7 9. e4 c5 10. Ne2 dxe4 11. dxe4 e5 12. Na3 0-0 13. Qxb6 axb6 14. Nc4 Bc6 15. Nxb6 Ra6 16. Nd5 Nbd7 17. 0-0 Nxd5 18. exd5 Bb5 19. Re1 Bc4 20. a3 Rd8 21. Be3 Rd6 22. Rad1 b6 23. Nc1 Ba6 24. b3 e4 25. c4 b5 26. b4 Rc8 27. Nb3 bxc4 28. Nxc5 f5 29. Bf1 Nxc5 30. bxc5 Rdd8 31. d6 Rc6 32. Rb1 Kf7 33. Rec1 c3 34. Bxa6 Rxa6 35. Rb7+ Kf8 36. Rb3 Ke8 37. Rcb1 Bf6 38. Kf2 Kd7 39. Rb7+ Ke6 40. R1b6 Rxb6 41. Rxb6 c2 42. Rb4 Kd5 43. Ke2 Bc3 44. Rb3 Bd4 45. Kd2 Bxe3+ 46. Rxe3 Kxc5 47. Rc3+ Kd4 48. Rxc2 Rxd6 49. Rc7 h5 50. Rb7 Rc6 51. Rd7+ Kc4 52. Rb7 Rd6+ 53. Ke2 Kc5 54. Rb3 Rb6 55. Rc3+ Kd4 56. Rc2 Ra6 57. Rd2+ Kc4 58. Rb2 Rxa3 59. Rb6 Ra2+ 60. Ke3 Rxh2 61. Rxg6 Ra2 62. Rg5 Ra3+ 63. Ke2 Kd4 64. Rxh5 Ra2+ 65. Kf1 Ke3 66. Rxf5 Kf3 0-1

[Event "Wuerttemberg-ch A"]
[Site "Stuttgart"]
[Date "2004.09.01"]
[Round "5"]
[White "Wohlfahrt, Rainer"]
[Black "Bauer, Eckart"]
[Result "0-1"]
[WhiteElo "2141"]
[BlackElo "2254"]
[PlyCount "82"]
[EventDate "2004.08.28"]
[EventType "swiss"]
[EventRounds "9"]
[EventCountry "GER"]
[SourceTitle "CBM 102 Extra"]
[Source "ChessBase"]
[SourceDate "2004.11.03"]
[SourceVersion "1"]
[SourceVersionDate "2004.11.03"]
[SourceQuality "1"]

1. d4 c5 2. d5 f5 3. Nc3 Nf6 4. e4 fxe4 5. g4 h6 6. Nh3 g5 7. f3 exf3 8. Bd3 Qb6 9. Qxf3 d6 10. Nf2 Nbd7 11. Bg6+ Kd8 12. Bf5 Ne5 13. Qg3 Nh5 14. Qh3 Nf4 15. Bxf4 gxf4 16. Bxc8 Rxc8 17. Nd3 Nxd3+ 18. Qxd3 c4 19. Qd2 Bg7 20. 0-0-0 Be5 21. Rhe1 Bf6 22. Re4 f3 23. Kb1 Bg5 24. Qe1 Rf8 25. h4 f2 26. Qf1 Bf6 27. Ka1 Bxh4 28. Rxc4 Rxc4 29. Qxc4 Bf6 30. Rf1 Be5 31. Nd1 Rf4 32. Qe2 Qd4 33. c3 Qxd5 34. Nxf2 Qg2 35. Qe1 Bf6 36. a3 Bh4 37. Ka2 Rxf2 38. Rxf2 Qxf2 39. Qe4 Qf7+ 40. Kb1 Kc7 41. Qc4+ Qxc4 0-1

[Event "GER-ch 75th"]
[Site "Hoeckendorf"]
[Date "2004.02.06"]
[Round "8"]
[White "Reich, Thomas"]
[Black "Bauer, Eckart"]
[Result "1-0"]
[WhiteElo "2408"]
[BlackElo "2276"]
[PlyCount "67"]
[EventDate "2004.01.30"]
[EventType "swiss"]
[EventRounds "9"]
[EventCountry "GER"]
[SourceTitle "CBM 100"]
[Source "ChessBase"]
[SourceDate "2004.06.01"]
[SourceVersion "1"]
[SourceVersionDate "2004.06.01"]
[SourceQuality "1"]

1. d4 f5 2. Nf3 Nf6 3. g3 g6 4. Bg2 Bg7 5. c4 d6 6. 0-0 0-0 7. Nc3 Qe8 8. b3 c6 9. Ba3 a5 10. Re1 b5 11. cxb5 cxb5 12. Ng5 Ra7 13. Nd5 b4 14. Bb2 Nxd5 15. Bxd5+ e6 16. Bg2 h6 17. Nf3 Bb7 18. a3 Na6 19. Qd2 g5 20. Rec1 Bd5 21. axb4 axb4 22. Ne1 Qa8 23. Qc2 Bxg2 24. Nxg2 Rff7 25. Qc4 Nc5 26. Rxa7 Rxa7 27. dxc5 Bxb2 28. Qxe6+ Kg7 29. Rf1 Ra1 30. Ne3 Rxf1+ 31. Nxf1 dxc5 32. Ne3 Qf8 33. Nxf5+ Kh7 34. g4 1-0

[Event "GER-ch 75th"]
[Site "Hoeckendorf"]
[Date "2004.02.03"]
[Round "5"]
[White "Bauer, Eckart"]
[Black "Dausch, Rene"]
[Result "1/2-1/2"]
[WhiteElo "2276"]
[BlackElo "2331"]
[PlyCount "31"]
[EventDate "2004.01.30"]
[EventType "swiss"]
[EventRounds "9"]
[EventCountry "GER"]
[SourceTitle "CBM 100"]
[Source "ChessBase"]
[SourceDate "2004.06.01"]
[SourceVersion "1"]
[SourceVersionDate "2004.06.01"]
[SourceQuality "1"]

1. Nf3 c5 2. e4 Nc6 3. Bb5 g6 4. 0-0 Bg7 5. Re1 Nf6 6. c3 0-0 7. d4 d5 8. exd5 Qxd5 9. dxc5 Qxc5 10. Na3 Bg4 11. Be3 Qf5 12. Bxc6 bxc6 13. Nd4 Qd5 14. f3 Bd7 15. Nb3 Qxd1 16. Raxd1 1/2-1/2

[Event "Unterkochen op"]
[Site "Unterkochen"]
[Date "2003.08.31"]
[Round "2"]
[White "Haecker, Alexander"]
[Black "Bauer, Eckart"]
[Result "0-1"]
[WhiteElo "2268"]
[BlackElo "2239"]
[PlyCount "58"]
[EventDate "2003.08.30"]
[EventType "swiss"]
[EventRounds "9"]
[EventCountry "GER"]
[SourceTitle "EXT 2004"]
[Source "ChessBase"]
[SourceDate "2003.11.25"]
[SourceVersion "1"]
[SourceVersionDate "2003.11.25"]
[SourceQuality "1"]

1. e4 c5 2. Nf3 Nc6 3. d4 cxd4 4. Nxd4 e5 5. Nb5 d6 6. c4 Be7 7. N1c3 a6 8. Na3 Be6 9. Nc2 Nf6 10. Be2 Rc8 11. b3 Qc7 12. Bb2 Qb8 13. 0-0 0-0 14. Qd2 Rfd8 15. Rfd1 b5 16. cxb5 axb5 17. Bf3 d5 18. Qe2 d4 19. Nxb5 Rd7 20. Nba3 Ra7 21. Qd2 Qb7 22. Rdb1 Rca8 23. Nc4 Rxa2 24. Qd3 g5 25. g3 Nd7 26. Rxa2 Rxa2 27. Ra1 Bxc4 28. Qxc4 Rxb2 29. Bh5 Nd8 0-1

[Event "Unterkochen op"]
[Site "Unterkochen"]
[Date "2003.08.30"]
[Round "1"]
[White "Bauer, Eckart"]
[Black "Holzhaeuer, Mathias"]
[Result "1/2-1/2"]
[WhiteElo "2239"]
[BlackElo "2404"]
[PlyCount "68"]
[EventDate "2003.08.30"]
[EventType "swiss"]
[EventRounds "9"]
[EventCountry "GER"]
[SourceTitle "EXT 2004"]
[Source "ChessBase"]
[SourceDate "2003.11.25"]
[SourceVersion "1"]
[SourceVersionDate "2003.11.25"]
[SourceQuality "1"]

1. g3 Nf6 2. Bg2 e5 3. c4 Nc6 4. Nc3 Bb4 5. Nf3 0-0 6. 0-0 e4 7. Ng5 Bxc3 8. bxc3 Re8 9. Qc2 Qe7 10. d3 exd3 11. exd3 d6 12. Rb1 Qe2 13. Bd2 Ne5 14. Rfe1 Qxd3 15. Qxd3 Nxd3 16. Rxe8+ Nxe8 17. Bd5 Ne5 18. Re1 Bd7 19. c5 Bc6 20. Bb3 h6 21. f4 hxg5 22. fxe5 dxe5 23. Rxe5 Kf8 24. Bxg5 f6 25. Rf5 Rd8 26. Rf2 Rd3 27. Bd2 a5 28. Bc4 Rd7 29. h4 b5 30. Bf1 Rd5 31. c4 Rxc5 32. Bxa5 Nd6 33. Bxc7 Nxc4 34. Rc2 Be4 1/2-1/2

[Event "Bayern-chI Bank Hofmann 5th"]
[Site "Bad Wiessee"]
[Date "2001.11.03"]
[Round "8"]
[White "Opalic, Momcilo"]
[Black "Bauer, Eckart"]
[Result "1-0"]
[WhiteElo "2137"]
[BlackElo "2239"]
[PlyCount "39"]
[EventDate "2001.10.27"]
[EventType "swiss"]
[EventRounds "9"]
[EventCountry "GER"]
[SourceTitle "EXT 2003"]
[Source "ChessBase"]
[SourceDate "2002.11.25"]
[SourceVersion "1"]
[SourceVersionDate "2002.11.25"]
[SourceQuality "1"]

1. d4 f5 2. Bf4 Nf6 3. Nf3 c6 4. c3 d6 5. h3 h6 6. e3 e6 7. Bd3 Qe7 8. Nbd2 Nbd7 9. Nc4 e5 10. dxe5 dxe5 11. Ncxe5 g5 12. Bg3 Rg8 13. Qc2 f4 14. exf4 gxf4 15. Bxf4 Nd5 16. g3 Nc5 17. Bg6+ Kd8 18. 0-0-0 Kc7 19. Rxd5 cxd5 20. Bf7 1-0

[Event "Bayern-chI Bank Hofmann 5th"]
[Site "Bad Wiessee"]
[Date "2001.10.31"]
[Round "5"]
[White "Bauer, Eckart"]
[Black "Miezis, Normunds"]
[Result "0-1"]
[WhiteElo "2239"]
[BlackElo "2501"]
[PlyCount "63"]
[EventDate "2001.10.27"]
[EventType "swiss"]
[EventRounds "9"]
[EventCountry "GER"]
[SourceTitle "EXT 2003"]
[Source "ChessBase"]
[SourceDate "2002.11.25"]
[SourceVersion "1"]
[SourceVersionDate "2002.11.25"]
[SourceQuality "1"]

1. e4 c5 2. g3 Nc6 3. Bg2 g6 4. d3 Bg7 5. f4 d6 6. Nf3 e5 7. 0-0 Nge7 8. Nc3 0-0 9. fxe5 dxe5 10. Be3 Nd4 11. Qd2 Bg4 12. Rf2 Rc8 13. Kh1 Qd7 14. Ng1 Be6 15. Raf1 f6 16. h3 c4 17. Kh2 cxd3 18. cxd3 a6 19. Nf3 Nxf3+ 20. Rxf3 b5 21. b4 f5 22. Bc5 Rf7 23. R3f2 Rd8 24. Bb6 Rdf8 25. Bc5 Rc8 26. a3 Re8 27. exf5 gxf5 28. g4 Ng6 29. gxf5 Rxf5 30. Rxf5 Bxf5 31. Nd5 Nf4 32. Be4 0-1